Anacleto González Flores, 1888-1927 : el hombre que quiso ser el Gandhi mexicano /
Zapisane w:
| 1. autor: | |
|---|---|
| Format: | Książka |
| Język: | hiszpański |
| Wydane: |
Madrid, España : México :
Fundación Emmanuel Mounier ; Instituto Mexicano de Doctrina Social Cristiana : Asociación Mexicana de Promoción y Cultura Social,
2004, c2004
|
| Wydanie: | 2a edición |
| Seria: | (Sinergia ; Verde)
11. |
| Hasła przedmiotowe: | |
| Etykiety: |
Nie ma etykietki, Dołącz pierwszą etykiete!
|
MARC
| LEADER | 00000nam^a2200000^a^4500 | ||
|---|---|---|---|
| 001 | 000186820 | ||
| 005 | 20250521000000.0 | ||
| 009 | 20260310102240.205 | ||
| 020 | |a 968-6839-55-0 | ||
| 037 | |a Acervo ITESO - Biblioteca | ||
| 041 | |a ESP | ||
| 082 | |a 972. 0622 |b MEY | ||
| 100 | |a Meyer, Jean |e (comp.) | ||
| 240 | 1 | 1 | |a [Anacleto González Flores, 1888-1927: el hombre que quiso ser el Gandhi mexicano] |
| 245 | 1 | 0 | |a Anacleto González Flores, 1888-1927 : |b el hombre que quiso ser el Gandhi mexicano / |c Comp. de J. Meyer. |
| 250 | |a 2a edición | ||
| 264 | 4 | |a Madrid, España : |b Fundación Emmanuel Mounier ; |a México : |b Instituto Mexicano de Doctrina Social Cristiana : |b Asociación Mexicana de Promoción y Cultura Social, |c 2004, c2004 | |
| 300 | |a 88 p. | ||
| 336 | |a texto |b txt |2 rdacontenido | ||
| 337 | |a sin mediación |b n |2 rdamedio | ||
| 338 | |a volumen |b nc |2 rdasoporte | ||
| 440 | 1 | |a (Sinergia ; |v 11. |p Verde) | |
| 545 | 0 | |a Anacleto González Flores (Tepatilán, Jalisco, 1888 – Ciudad de México, 1927), uno de los miembros más activos de la Asociación Católica de la Juventud Mexicana (ACJM), considerado como uno de los guías de la rebelión cristera, pese a fallecer en los inicios del conflicto político-religioso de 1926-1929. Autor de La cuestión religiosa en Jalisco (1920) –trabajo incluido en el volumen La cuestión religiosa en México- fue declarado beato de la Iglesia católica el 22 de junio de 2004, en reconocimiento de su martirio. | |
| 649 | |a XX | ||
| 650 | |a Cristeros Jaliscienses - |x Biografías | ||
| 650 | |a Cristeros - |x Biografías | ||
| 650 | |a Activistas Sociales Jaliscienses - |x Biografías | ||
| 650 | |a Activistas Sociales Mexicanos - |x Biografías | ||
| 650 | |a Católicos Jaliscienses - |x Biografías | ||
| 650 | |a Católicos Mexicanos - |x Biografías | ||
| 650 | |a Beatos Jaliscienses - |x Biografías | ||
| 650 | |a Beatos Mexicanos - |x Biografías | ||
| 650 | |a Iglesia y Estado - |z México - |x Historia - |y Régimen Callista, 1924-1928 | ||
| 650 | |a Iglesia Católica en México - |x Historia - |y Régimen Callista, 1924-1928 | ||
| 650 | |a Guerra Cristera - |x Historia | ||
| 650 | |a Guerra Civil - |z México - |x Historia - |y Régimen Callista, 1924-1928 | ||
| 650 | |a Guerra Santa - |z México - |x Historia - |y Régimen Callista, 1924-1928 | ||
| 650 | |a Guerra y Religión - |z México - |x Historia - |y Régimen Callista, 1924-1928 | ||
| 650 | |a Guerra y Paz - |z México - |x Historia - |y Régimen Callista, 1924-1928 | ||
| 650 | |a Violencia Política - |z México - |x Historia - |y Régimen Callista, 1924-1928 | ||
| 650 | |a Movimientos Religiosos - |z México - |x Historia - |y Régimen Callista, 1924-1928 | ||
| 650 | |a Movimientos Sociales - |z México - |x Historia - |y Régimen Callista, 1924-1928 | ||
| 650 | |a Cristianismo y Política - |z México - |x Historia - |y Régimen Callista, 1924-1928 | ||
| 650 | |a Política y Religión - |z México - |x Historia - |y Régimen Callista, 1924-1928 | ||
| 650 | |a Altos de Jalisco - |x Historia - |y Régimen Callista, 1924-1928 | ||
| 650 | |a Altos de Jalisco - |x Historia - |y Siglo XX | ||
| 650 | |a Jalisco - |x Historia - |y Régimen Callista, 1924-1928 | ||
| 650 | |a Jalisco - |x Historia - |y Siglo XX | ||
| 650 | |a México - |x Historia - |y Régimen Callista, 1924-1928 | ||
| 650 | |a México - |x Historia - |y Siglo XX | ||
| 650 | |a González Flores, Anacleto - |x Tema Principal | ||
| 910 | |a Fondo General | ||
| 920 | |a Impresos - Libros | ||
| 930 | |a Colección General | ||
| 905 | |a 101 | ||
| 901 | |a 0500128575 |b IT1 |c ACC |u 20250521 | ||
| 902 | |a https://opac.biblio.iteso.mx/vufind/Record/000186820 | ||